00594nem a2200169 u 450000500170000000800410001704000250005804100080008304400070009111000820009824501360018025500120031626000250032830000330035365000130038665000250039920200104041740.0160428b2000 CK ||||| |a|| 00| 0 spa d aCO-BoIAVHcCO-BoIAVH aspa ack2 aInstituto de Investigación de Recursos Biológicos Alexander von Humboldt.1 aDistribución de la especie Ocotea sp1 en la parcela permanente de la Plancha (25) ;cUnidad de SIG- IAvHh[Material Cartografico] a1:2.500 aBogotábIAvHc2000 a1 mapab color c42 x 28 cm 04aParcelas04aClases diamétricas